| 000 | 00475cam a2200181ua 4500 | ||
|---|---|---|---|
| 020 | _c42.00 | ||
| 041 |
_aeng _h |
||
| 082 |
_a025.46 _bSAY/MA |
||
| 100 | _aSayers, Berwick W C . | ||
| 245 |
_aManual of classification of librarians and bibliographers / _cBerwick W C Sayers. _hTextual Documents |
||
| 250 |
_a3 / _b. |
||
| 260 |
_aLondon : _bAndre Deutsch , _c1962. |
||
| 300 | _a346 ; . | ||
| 365 | _a42.00 | ||
| 504 | _a | ||
| 942 | _cBK | ||
| 999 |
_c8005 _d8005 |
||